02668cam a22003975i 4500999001700000001001000017003000900027005001700036008004100053020002500094040004500119082001700164245010700181264005200288300008900340336002600429337002800455338002700483490003200510500003200542504005100574520105500625650003801680650007101718650007101789650003001860650004201890653002801932655001701960700003601977700004702013700002902060700002602089942001202115952014302127 c27581d27552016654525EG-ScBUE20190905130741.0140303s2014 enkab f b 001 0 eng d a9781107681415 (pbk.) aStDuBDSbengerdacStDuBDSdUkdEG-ScBUE04a427bANA22200aAnalysing older English /cedited by David Denison, Ricardo Bermudez-Otero, Chris McCully, Emma Moore. 1aCambridge :bCambridge University Press,c2014. axiii, 335 pages :billustrations (black and white), maps (black and white) ;c23 cm. atextbtxt2rdacontent aunmediatedbn2rdamedia avolumebnc2rdacarrier0 aStudies in English language aOriginally published: 2012. aIncludes bibliographical references and index. a"Is historical linguistics different in principle from other linguistic research? This book addresses problems encountered in gathering and analysing data from early English, including the incomplete nature of the evidence and the dangers of misinterpretation or over-interpretation. Even so, gaps in the data can sometimes be filled. The volume brings together a team of leading English historical linguists who have encountered such issues first-hand, to discuss and suggest solutions to a range of problems in the phonology, syntax, dialectology and onomastics of older English. The topics extend widely over the history of English, chronologically and linguistically, and include Anglo-Saxon naming practices, the phonology of the alliterative line, computational measurement of dialect similarity, dialect levelling and enregisterment in late Modern English, stress-timing in English phonology and the syntax of Old and early Modern English. The book will be of particular interest to researchers and students in English historical linguistics". 7aEnglish languagexHistory.2BUEsh 7aEnglish languageyOld English, ca. 450-1100xVersification.2BUEsh 7aEnglish languageyMiddle English, 1100-1500xVersification.2BUEsh 7aLinguistic change.2BUEsh 7aHistorical linguistics.2BUEsh939735 bHHUUEENNcSeptember2019 vReading book1 aDenison, David,d1950-eeditor.1 aBermúdez-Otero, Ricardo,d1970-eeditor.1 aMcCully, C. B.,eeditor.1 aMoore, Emma,eeditor. 2ddccBB 00102ddc40708BaccahaMAINbMAINc2NDd2019-09-05ePurchaseg365.00l0o427 ANAp000048017r2025-07-15 00:00:00v456.25w2019-09-05yBB